Позитивно възпитание и поведенческа промяна (Запис номер 488462)
[ съкратено ]
| 000 -Лидер | |
|---|---|
| Контролно поле с фиксирана дължина | 01564nam a2200313 a 4500 |
| 003 - Код на организацията, давaща контролен номер | |
| Контролно поле | BLK |
| 005 - Дата и час на последна редакция | |
| Контролно поле | 20240222180203.0 |
| 008 - Елементи от данни с фиксирана дължина | |
| fixed length control field | 180926b bul||||| |||| 00| 0 bul d |
| 020 ## - Международен стандартен номер на книга ISBN | |
| Международен стандартен номер на книга ISBN | 9789540755656 |
| 040 ## - Източник на каталожния запис | |
| Идентификатор на билиотеката - собственик на записа | BLK |
| 041 ## - Код за език | |
| Код за езика на текст/звукозапис или на отделно заглавие | Български |
| Код за езика КДБФ | Български |
| 080 ## - УДК | |
| Текстов определител УДК | Социални проблеми, които изискват оказване на помощ. Видове социална помощ. Социална работа |
| УДК код - определител по УДК | 364 |
| УДК определител | -78-053.2 |
| УДК - код + определител | 364-78-053.2 |
| 100 ## - Редна дума - Автор | |
| Автор | Ранев, Александър Иванов |
| Авторска отговорност | първи автор |
| R(LIN) | 1299 |
| 139 ## - Редно поле | |
| Редна дума | Ранев, Александър Иванов |
| Авторски знак | Ранг - Р 35 |
| 245 ## - Сведения за заглавието | |
| Заглавие | Позитивно възпитание и поведенческа промяна |
| Подзаглавни данни | Работа с деца с предизвикателно поведение |
| Редно поле (дума) | Александър Ранев |
| 257 ## - Страна на издаване | |
| Страна на създаване/издаване | България |
| 260 ## - Област на издателските данни | |
| Място на издаване, разпространение и проч. | София |
| Име на издателя, разпространителя и проч. | Унив. изд. Св. Климент Охридски |
| Година на издаване | 2022 |
| 9 (RLIN) | 209716 |
| Издателство - префикс ISBN | 978-954-07- ; 954-9399- |
| 300 ## - Физическа характеристика | |
| Страници | 216 с. |
| Илюстрации и др. | с табл. |
| Размери/Мащаб | 24 см |
| 380 ## - Жанр | |
| Жанр | Обществени науки |
| 500 ## - Общи забележки | |
| Забележка | Биогр. данни за авт. отбелязани на гърба на кор. - Рец.: Нели Бояджиева, Владислав Господинов |
| 504 ## - Забележка за наличие на библиография и др | |
| Забележка за наличие на библиография и под. | Библиогр.: с. 160-166<br/> |
| 650 #0 - Допълнително описание по предмет – тема | |
| 9 (RLIN) | 259474 |
| Основно описание – тема или топоним | Девиантно поведение - при децата |
| 653 #7 - Ключова дума – ненормативна | |
| 9 (RLIN) | 197013 |
| Ключова дума | социална работа |
| 852 ## - Местоположение | |
| Форматна сигнатура | Цб 316600 |
| Фондова буква | Хранилище |
| 856 ## - Електронен адрес и достъп | |
| Инструкция (цена за достъп) | 0.00 |
| Права за достъп | disable |
| 999 ## - СИСТЕМНИ КОНТРОЛНИ НОМЕРА | |
| Koha biblionumber | 488462 |
| Koha biblioitemnumber | 488462 |
| 942 ## - АРТИКУЛИ | |
| Вид на библиотечния материал | Книги |
| Източник на класификационната схема | Universal Decimal Classification |
| Скрит в OPAC | Не |
| Периодичен библиозапис | Да |
| Koha issues (borrowed), all copies | 3 |
| 944 ## - СЪЗДАВАНЕ И РЕДАКЦИЯ на ЗАПИСА | |
| Служител, извършил регистрацията/редакцията | 30564 |
| Статус, дата на статуса | Галина Якимова |
| 944 ## - СЪЗДАВАНЕ И РЕДАКЦИЯ на ЗАПИСА | |
| Служител, извършил регистрацията/редакцията | Кети |
| Статус, дата на статуса | 2023-03-20 |
| Създаване/Редакция | Редакция |
| Код за отписване | Код за изгубен артикул | Източник на класификационната схема | Код за повреда | Коз за рестрикции | Код за отдаване | Артикулен № | Име на библиотеката - собственик | Име на библиотеката, в която се намира в момента | Статус (Текущо местоположение) | Дата на вписване в системата | Местоположение - отдел | Цена в лева | Систематично азбучна сигнатура | Баркод | Цена в евро | Служебен тип на артикула | Инвентарен номер |
|---|---|---|---|---|---|---|---|---|---|---|---|---|---|---|---|---|---|
| Не е изгубен | Universal Decimal Classification | Не е повреден | без рестрикции | заемане за дома | 922417 | Регионална библиотека "Любен Каравелов" Русе | Регионална библиотека "Любен Каравелов" Русе | Заемна - подръчен фонд | 2023-01-25 | Заемна - подръчен фонд | 14.00 | 36/Р 35 А | 120000881991 | 7.16 | Книги | ||
| Не е изгубен | Universal Decimal Classification | Не е повреден | само за читалня | ползва се в читалня | 924415 | Регионална библиотека "Любен Каравелов" Русе | Регионална библиотека "Любен Каравелов" Русе | Хранилище | 2023-03-22 | Хранилище | 20.00 | Цб 316600 | 120000883661 | 10.23 | Книги | 120000883661 |